Statistics for 20 Countries with the Highest Number of Internet Users

Click here to take the quiz!

General Stats

  • This quiz has been taken 63 times
  • The average score is 18 of 20

Answer Stats

Population that are Internet UsersAnswer% Correct
123,297,230Brazil
100%
746,662,194China
100%
245,436,423United States
100%
391,292,365India
98%
73,436,503Germany
97%
36,442,438Italy
97%
117,528,631Japan
95%
73,597,638Mexico
95%
110,003,284Russia
95%
62,354,410United Kingdom
95%
55,413,854France
93%
37,337,607Spain
93%
32,602,776Canada
90%
66,224,991Indonesia
90%
47,094,267South Korea
87%
46,395,500Turkey
87%
43,974,160Vietnam
78%
32,710,169Thailand
77%
57,342,723Philippines
70%
47,743,541Nigeria
68%

Score Distribution

Percentile by Number Answered

Percent of People with Each Score

Your Score History

You have not taken this quiz